000 00570nam a22001937a 4500
003 OSt
005 20160714140529.0
008 160714b xxu||||| |||| 00| 0 eng d
020 _a0853696489
040 _cDNLM.
082 _aWB340W58h 2007.
100 _aWhite,Rebecca;Bradnam,Vicky;
_910216
245 _aHandbook of Drug Administration via Enteral Feeding Tubes.
260 _aLondon;
_aChicago;
_bPharmaceutical Press,
_c2007.
300 _axviii,569p;
_bill:
_c23cm.
504 _ait includes index.
650 _aDrug Administration.
_910217
942 _2z
_cO_SHELF
999 _c4741
_d4741